Funciones de Bessel (Record no. 126984)

MARC details
000 -LEADER
campo de control de longitud fija 00791nam a2200217 i 4500
001 - NÚMERO DE CONTROL
campo de control 126984
003 - IDENTIFICADOR DE NÚMERO DE CONTROL
campo de control ES-MaACL
005 - FECHA Y HORA DE LA ÚLTIMA TRANSACCIÓN
campo de control 20231228191712.0
007 - CAMPO FIJO DE DESCRIPCIÓN FÍSICA--INFORMACIÓN GENERAL
campo de control de longitud fija t|
008 - DATOS DE LONGITUD FIJA--INFORMACIÓN GENERAL
campo de control de longitud fija 070214s1958 sp r ||||1| spa d
100 1# - ENTRADA PRINCIPAL--NOMBRE DE PERSONA
Nombre de persona Rey Pastor, Julio,
Fechas asociadas al nombre 1888-1962
9 (RLIN) 96535
245 10 - MENCIÓN DEL TÍTULO
Título Funciones de Bessel
Resto del título : teoría matemática y aplicaciones /
Mención de responsabilidad, etc. Julio Rey Pastor, A. de Castro Brzezicki.
260 ## - PUBLICACIÓN, DISTRIBUCIÓN, ETC.
Lugar de publicación, distribución, etc. Madrid :
Nombre del editor, distribuidor, etc. Dossat,
Fecha de publicación, distribución, etc. 1958.
300 ## - DESCRIPCIÓN FÍSICA
Extensión XII, 238 p. ;
Dimensiones 25 cm.
500 ## - NOTA GENERAL
Nota general Precede al Tit : Instituto de Cálculo del Consejo Superior de Investigaciones Científicas.
650 #4 - PUNTO DE ACCESO ADICIONAL DE MATERIA--TÉRMINO DE MATERIA
Término de materia o nombre geográfico como elemento de entrada Bessel, Funciones de.
9 (RLIN) 168562
700 1# - ENTRADA AGREGADA--NOMBRE PERSONAL
Nombre de persona Castro Brzezicki, A. de.
9 (RLIN) 36909
710 2# - ENTRADA AGREGADA--NOMBRE DE ENTIDAD CORPORATIVA
Nombre de entidad corporativa o nombre de jurisdicción como elemento de entrada Instituto de Cálculo (Madrid)
9 (RLIN) 3242
852 ## - LOCALIZACIÓN
Ubicación ES-MaACL
Número de control de estantería C-14966
Sublocalización o colección R.43064
Holdings
Estatus retirado Estado de pérdida Estado de daño No para préstamo Biblioteca de origen Biblioteca actual Ubicación en estantería Fecha de adquisición Fuente de adquisición Total de préstamos Signatura topográfica completa Código de barras Visto por última vez Precio de reemplazo Tipo de ítem Koha
        Biblioteca del Ateneo de Madrid Biblioteca del Ateneo de Madrid Ficheros 17/01/2008     C-14966 1132261 23/02/2023 23/02/2023 Libro impreso